Bratislavské dohody
Na minha lista:
| Autor principal: | |
|---|---|
| Formato: | Livro |
| Idioma: | eslovaco |
| Publicado em: |
Bratislava
Čs. obchod. a priem. komora
1988
|
| Edição: | 1. vyd. |
| Colecção: | K právnym otázkam medzinárodného obchodu
|
| Tags: |
Sem tags, seja o primeiro a adicionar uma tag!
|
MARC
| LEADER | 00000nam a2200000 4500 | ||
|---|---|---|---|
| 001 | c038171 | ||
| 005 | 20221219091444.1 | ||
| 041 | 0 | |a slo | |
| 044 | |a SK | ||
| 245 | 1 | 0 | |a Bratislavské dohody |c Jozef Krajčovič |
| 250 | |a 1. vyd. | ||
| 264 | 1 | |a Bratislava |b Čs. obchod. a priem. komora |c 1988 | |
| 300 | |a 297 s. |e 8 tab. príl. | ||
| 490 | 1 | |a K právnym otázkam medzinárodného obchodu | |
| 830 | 0 | |a K právnym otázkam medzinárodného obchodu | |
| 100 | 1 | |a Krajčovič, Jozef | |